Dome of the Rock /

محفوظ في:

المؤلف الرئيسي: Landay, Jerry M. (مؤلف)

مؤلف مشترك: Newsweek, inc. Book Division.

التنسيق: كتاب

اللغة: English

منشور في: New York, NY : Newsweek, [1972].

سلاسل: Wonders of man.

الموضوعات:

الوسوم: إضافة وسم

لا توجد وسوم, كن أول من يضع وسما على هذه التسجيلة!

رقم الطلب: DS109.9 .L24 1972

LEADER 01015namaa2200289 4500
001 12813
003 OSt
005 20241023110239.0
008 130303s1972 nyua b 000 0 eng d
952 |0 0  |1 0  |2 lcc  |4 0  |6 DS01099 L24 01972  |7 1  |9 12187  |a ARCE  |b ARCE  |d 2021-05-04  |l 0  |o DS109.9 .L24 1972  |p 1025101  |r 2021-05-04 00:00:00  |w 2021-05-04  |y BK 
999 |c 11391  |d 11391 
010 |a 76178707 
020 |a 0882250191 
040 |c ARCE Library 
043 |a awba---  |a awgz--- 
050 4 |a DS109.9 .L24 1972 
100 1 |a Landay, Jerry M.,  |e author  |9 34406 
245 1 0 |a Dome of the Rock /   |c by Jerry M. Landay and the editors of the Newsweek Book Division. 
264 1 |a New York, NY :  |b Newsweek,  |c [1972]. 
300 |a 172 pages :  |b illustrations (part color) ;  |c 30 cm. 
490 0 |a Wonders of man. 
504 |a Bibliography : page 168. 
610 2 0 |a Qubbat al-Ṣakhrah (Mosque : Jerusalem)  |9 23511 
651 0 |a Jerusalem  |x History. 
710 2 |a Newsweek, inc.  |b Book Division.  |9 23356 
901 |a reviewed 
942 |c BK  |2 lcc